Top 25 Amtrak Stations (2013) - Statistics

General Stats
  • This quiz has been taken 193 times
    183 since last reset
  • The average score is 21 of 25
Answer Stats
Hint Answer % Correct
Massachusetts Boston (South Station)
99%
California Los Angeles
99%
Maryland Baltimore
97%
Massachusetts Boston (Back Bay)
97%
Illinois Chicago
97%
Pennsylvania Philadelphia
97%
Oregon Portland
97%
- New York
96%
Washington Seattle
96%
Massachusetts Boston (North Station)
95%
California Emeryville (closest to San Francisco)
95%
California San Diego
94%
New Jersey Newark
93%
Rhode Island Providence
93%
New York Albany-Rensselaer
90%
Wisconsin Milwaukee
89%
- Washington DC
89%
Connecticut New Haven
83%
California Sacramento
83%
Delaware Wilmington
83%
Pennsylvania Harrisburg
81%
California Bakersfield
52%
Maryland BWI Airport
45%
Pennsylvania Lancaster
36%
California Martinez
9%
No matching quizzes found
Score Distribution
Percent of People with Each Score
Percentile by Number Answered
Your Score History
You have not taken this quiz since the last reset